Un enfoque integrador para la didáctica de la lengua materna
Збережено в:
| Автор: | |
|---|---|
| Формат: | Книга |
| Мова: | Іспанська |
| Опубліковано: |
Caracas
s.n
2000
|
| Серія: | Cuaderno Pedagógico del CILLAB, 1
|
| Предмети: | |
| Теги: |
Додати тег
Немає тегів, Будьте першим, хто поставить тег для цього запису!
|
MARC
| LEADER | 00000nam a2200000 a 4500 | ||
|---|---|---|---|
| 001 | UCO8767 | ||
| 003 | CL-VaPUC | ||
| 008 | 010105e20000000ve |||||||||||||||||spa|d | ||
| 082 | 0 | 4 | |a 372.6 |b FRA |2 21 |
| 100 | 0 | |a Fraca de Barrera, Lucía |e author |9 453649 | |
| 245 | 1 | 3 | |a Un enfoque integrador para la didáctica de la lengua materna |
| 300 | |a 46 p | ||
| 942 | |c BK | ||
| 945 | |d 20010105 00:00:00 |a cmena | ||
| 260 | |a Caracas |b s.n |c 2000 | ||
| 650 | 0 | |a Educación lingüística |9 306506 | |
| 650 | 0 | |a Métodos de enseñanza |9 270413 | |
| 650 | 0 | |a Planificación de la educación |9 307333 | |
| 583 | |a last modification |c 20180108 04:54:55 |k Rodrigo Vera | ||
| 490 | 0 | |a Cuaderno Pedagógico del CILLAB, 1 | |
| 999 | |c 293235 |d 293233 | ||
| 952 | |0 0 |1 0 |4 0 |6 372_600000000000000_FRA_2000 |7 0 |8 A |9 344650 |a FDOPOS |b FDOPOS |d 2019-11-20 |i 3676498 |o 372.6 FRA 2000 |p 3676498 |r 2025-01-22 |w 2019-11-20 |y BK |k MLA | ||
| 952 | |0 0 |1 0 |4 0 |6 372_600000000000000_FRA_2000 |7 0 |8 A |9 344651 |a FDOPOS |b FDOPOS |d 2019-11-20 |i 3676501 |o 372.6 FRA 2000 |p 3676501 |r 2025-01-22 |w 2019-11-20 |y BK |k MLA | ||
| 952 | |0 0 |1 0 |4 0 |6 372_600000000000000_FRA_2000 |7 0 |8 A |9 344652 |a FDOPOS |b FDOPOS |d 2019-11-20 |i 367651K |o 372.6 FRA 2000 |p 367651K |r 2025-01-22 |w 2019-11-20 |y BK |k MLA | ||
| 952 | |0 0 |1 0 |4 0 |6 372_600000000000000_FRA_2000 |7 0 |8 A |9 344653 |a FDOPOS |b FDOPOS |d 2019-11-20 |i 4270002 |o 372.6 FRA 2000 |p 4270002 |r 2025-01-22 |w 2019-11-20 |y BK |k MLA | ||